Development of Corporate Responsibility of SMEs in the Slovak Republic

Výskum v oblasti vnímania konceptu CR, klasifikácii aktivít v sociálnej, ekonomickej a environmentálnej dimenzii CR a špecifikácii motívov, výhod a rizík zavedenia CR v podniku. Podpora Európskej komisie dokumentom Európa 2020.

Gespeichert in:
Bibliographische Detailangaben
1. Verfasser: Dubcová, Gabriela, 1968-
Format: Buchkapitel
Sprache:Englisch
Schlagworte:
Tags: Tag hinzufügen
Keine Tags, Fügen Sie das erste Tag hinzu!

MARC

LEADER 00000nla a2200000 4500
001 0206274
005 20240502083516.6
041 0 |a eng 
044 |a CZ 
245 1 0 |a Development of Corporate Responsibility of SMEs in the Slovak Republic  |c Gabriela Dubcová 
520 |a Výskum v oblasti vnímania konceptu CR, klasifikácii aktivít v sociálnej, ekonomickej a environmentálnej dimenzii CR a špecifikácii motívov, výhod a rizík zavedenia CR v podniku. Podpora Európskej komisie dokumentom Európa 2020. 
610 2 0 |a podnik malý 
610 2 0 |a podnik stredný 
610 2 0 |a zodpovednosť podniku spoločenská 
610 2 0 |a etika podnikateľská 
100 1 |a Dubcová, Gabriela, 1968-